|
|
|
|
| LEADER |
00000nab a2200000 4500 |
| 001 |
vtls011744279 |
| 003 |
SK-MaSNL |
| 005 |
20260304220138.0 |
| 008 |
180301c20180212xo dr|p||| |0 b|slo |
| 038 |
|
|
|a KEVKJB
|
| 040 |
|
|
|a KEVKJB
|b slo
|c KEVKJB
|e rda
|
| 041 |
0 |
|
|a slo
|
| 044 |
|
|
|a xo
|c SK
|
| 080 |
|
|
|a 636.09
|2 2011
|
| 100 |
1 |
|
|a Lendel, Michal
|4 aut
|9 1086422
|
| 245 |
1 |
0 |
|a Do zvieracej nemocnice prúdia tisíce pacientov
|b veterinári riešili i kuriozity, zachránili psa aj gaťky
|c Michal Lendel
|
| 300 |
|
|
|b Fotografie
|
| 336 |
|
|
|a text
|b txt
|2 rdacontent
|
| 337 |
|
|
|a bez média
|b n
|2 rdamedia
|
| 338 |
|
|
|a zväzok
|b nc
|2 rdacarrier
|
| 610 |
2 |
7 |
|a Univerzita veterinárskeho lekárstva a farmácie v Košiciach
|2 kevkjb
|9 151588
|
| 650 |
0 |
7 |
|a zvieratá
|2 kevkjb
|9 1091
|
| 650 |
0 |
7 |
|a nemocnice
|2 kevkjb
|9 3008
|
| 651 |
|
7 |
|a Košice (Slovensko)
|2 kevkjb
|9 18694
|
| 773 |
0 |
|
|t Korzár
|g Roč. XXI., č. 35 (12.2.2018), s. 9
|x 2585-7355
|
| 852 |
|
|
|a KEVKJB
|b KIS3GCP
|
| 856 |
4 |
1 |
|u https://kosice.korzar.sme.sk/c/20758193/do-zvieracej-nemocnice-prudia-tisice-pacientov.html
|
| 999 |
|
|
|c 3150321
|d 3152251
|